| 000 | 00446nam a2200169Ia 4500 | ||
|---|---|---|---|
| 008 | 210210b1997 xxu||||| |||| 00| 0 eng d | ||
| 020 | _a81 7493 319 0 | ||
| 082 | _a658.848 CHEE | ||
| 100 | _aCHERIAN (Jacob) and PARAB (Balakrishna). | ||
| 245 | _aExport marketing. | ||
| 250 | _a | ||
| 260 |
_aMumbai. _bHimalaya Publishing House _c1997 |
||
| 300 | _a302 | ||
| 650 | _aMarketing, Export | ||
| 690 | _aExport Management | ||
| 906 | _a052755 | ||
| 999 |
_c100969 _d100969 |
||